000 00305nam a2200133Ia 4500
008 191201s2011 xx 000 0 und d
082 _a658.5
_bGAO
100 _aGAITHER, Norman
245 0 _aOperation Management
260 _aN.Delhi
_bThomson
_c2011
300 _a811
650 _aMBA
942 _2ddc
_cBK
999 _c5309
_d5309